Pokémon commençant par Q - Statistiques

Statistiques générales
  • Ce quiz a été pris 1 707 fois
    1 252 depuis la dernière actualisation
  • Le résultat moyen est 4 sur 5
Statistiques - réponses
Réponse % Correct
211 Qwilfish
88%
202 Qulbutoké
78%
235 Queulorior
76%
904 Qwilpik
62%
766 Quartermac
53%
Aucun quiz correspondant
Distribution des résultats
% des personnes avec chaque résultat
Percentile par nombre de réponses
Votre historique - résultats
Vous n’avez pas pris ce quiz depuis la dernière actualisation